| 000 | 00697nam a2200229 u 4500 | ||
|---|---|---|---|
| 005 | 20230304063703.0 | ||
| 008 | 090901s2006 r 000 0 eng d | ||
| 020 | _a8437623189 | ||
| 020 | _a9788437623184 (2a ed.) | ||
| 035 | _aUPN01000172204 | ||
| 049 | _aCG | ||
| 050 | 4 |
_aGN33.8 _bM3.2 |
|
| 100 | 1 | _aMartín Casares, Aurelia | |
| 245 | 1 | 0 |
_aAntropología del género : _bculturas, mitos y estereotipos sexuales / _cAurelia Martín Casares. |
| 260 |
_aMadrid : _bCátedra, _c2006. |
||
| 300 |
_a344 p. : _bil. |
||
| 440 | 0 |
_aFeminismos ; _v89 |
|
| 500 | _a"2a. edición, 2008" (reimpresión) | ||
| 650 | 4 |
_aANTROPOLOGIA FEMINISTA _913457 |
|
| 650 | 4 |
_aRol sexual _95307 |
|
| 905 | _aLibro | ||
| 999 |
_c144308 _d144308 |
||